00493nam a22001577a 450000500170000000800410001702000180005804000210007604100080009708200200010510000310012524500780015626000420023465000240027670000350030020250225074443.0250225b |||||||| |||| 00| 0 eng d a9789364403511 aIN-DiNCcIN-DiNC deng a658.312404bVIR aVirk, Harjeet Kaureauthor aTraining and development/cby Harjeet Kaur Virk and Sumedha Vikram Khanna aLudhiana:bKalyani publishers,c2025. aPersonal management aKhanna, Sumedha Vikrameauthor